书目信息 |
| 题名: |
中国翻译史研究百年回眸
|
|
| 作者: | 文军 主编 | |
| 分册: | ||
| 出版信息: | 北京 北京航空航天大学出版社 2006 |
|
| 页数: | 252页 | |
| 开本: | 23cm | |
| 丛书名: | 翻译资料与翻译研究丛书 | |
| 单 册: | ||
| 中图分类: | Z89:H059-092 , Z89:H059 | |
| 科图分类: | ||
| 主题词: | 翻译--语言学史--论文--中国--1880~2005--索引 , 翻译--语言学史--著作--中国--1880~2005--索引 , 翻译 , 语言学史 | |
| 电子资源: | ||
| ISBN: | 7-81077-789-0 | |
| 000 | 01305oam2 2200313 450 | |
| 001 | 1573195354 | |
| 005 | 20150128202048.75 | |
| 010 | @a7-81077-789-0@dCNY38.00 | |
| 100 | @a20060529d2006 em y0chiy50 ea | |
| 101 | 0 | @achi |
| 102 | @aCN@b110000 | |
| 105 | @ay zc 000yy | |
| 200 | 1 | @a中国翻译史研究百年回眸@9zhong guo fan yi shi yan jiu bai nian hui mou@e1880-2005中国翻译史研究论文、论著索引@dIndex of translation history studies in China, 1880-2005@f文军主编@zeng |
| 210 | @a北京@c北京航空航天大学出版社@d2006 | |
| 215 | @a252页@d23cm | |
| 225 | 2 | @a翻译资料与翻译研究丛书 |
| 330 | @a本书收录了1880-2005年中国出版物中有关翻译史的论文和论著的相关信息九百余条,每条按照序号、作品名、作者、刊名、刊期、摘要等顺序编写。 | |
| 461 | 0 | @12001 @a翻译资料与翻译研究丛书 |
| 510 | 1 | @aIndex of translation history studies in China, 1880-2005@zeng |
| 517 | 1 | @a1880-2005中国翻译史研究论文、论著索引@91880-2005 zhong guo fan yi shi yan jiu lun wen 、 lun zhu suo yin |
| 606 | 0 | @a翻译@x语言学史@x论文@y中国@z1880~2005@j索引 |
| 606 | 0 | @a翻译@x语言学史@x著作@y中国@z1880~2005@j索引 |
| 606 | 0 | @a翻译 |
| 606 | 0 | @a语言学史 |
| 690 | @aZ89:H059-092@v5 | |
| 690 | @aZ89:H059@v4 | |
| 701 | 0 | @a文军@9wen jun@f(1957.12~)@4主编 |
| 801 | 0 | @aCN@bTSSF@c20150128 |
| 905 | @aZUCC@dZ89:H059@eJY7 | |
| 中国翻译史研究百年回眸:1880-2005中国翻译史研究论文、论著索引=Index of translation history studies in China, 1880-2005/文军主编.-北京:北京航空航天大学出版社,2006 |
| 252页;23cm.-(翻译资料与翻译研究丛书) |
| ISBN 7-81077-789-0:CNY38.00 |
| 本书收录了1880-2005年中国出版物中有关翻译史的论文和论著的相关信息九百余条,每条按照序号、作品名、作者、刊名、刊期、摘要等顺序编写。 |
| ● |
| 相关链接 |
|
|
|
|
正题名:中国翻译史研究百年回眸
索取号:Z89:H059/JY7
 
预约/预借
| 序号 | 登录号 | 条形码 | 馆藏地/架位号 | 状态 | 备注 |
| 1 | 7837736 | 278377365 | 学院路分馆/ [索取号:Z89:H059/JY7] | 在馆 | |
| 2 | 7837737 | 278377374 | 学院路分馆/ [索取号:Z89:H059/JY7] | 在馆 |